| 000 | 01043nam a2200301Ia 4500 | ||
|---|---|---|---|
| 999 |
_c4411 _d4411 |
||
| 001 | 18299 | ||
| 003 | GBCCL | ||
| 005 | 20241126110518.0 | ||
| 008 | 770127s1960 ilu b 000 0 eng d | ||
| 020 | _a080281025X | ||
| 035 | _a(OCoLC)02704180 | ||
| 040 |
_aEZC _cEZC _dm.c. _dLBB |
||
| 049 | _aLBBK | ||
| 082 |
_a225.1 _bBRU |
||
| 090 |
_aBS2332 _b.B7 1960 |
||
| 092 | 0 |
_a225.12 _bB886, 1960 _220 |
|
| 100 | 1 |
_aBruce, F. F. _q(Frederick Fyvie), _d1910- _91999 |
|
| 245 | 1 | 4 |
_aThe New Testament documents, are they reliable? / _cF. F. Bruce. |
| 250 | _a5th rev. ed. | ||
| 260 |
_aDowners Grove, Ill. : _bInterVarsity Press, _c1960. |
||
| 300 |
_a120 p. ; _c18 cm. |
||
| 500 | _aPrevious ed. has title: Are the New Testament documents reliable? | ||
| 504 | _aIncludes bibliographical references. | ||
| 630 | 0 | 0 |
_aBible. _pN.T. _xEvidences, authority, etc. _9589 |
| 700 | 1 | 1 |
_aBruce, F. F. _q(Frederick Fyvie), _d1910- _tAre the New Testament documents reliable? _98273 |
| 740 | 0 | 1 | _aAre the New Testament documents reliable? |
| 942 |
_2ddc _cBK _05 |
||